| 000 | 00749nam a22002177a 4500 | ||
|---|---|---|---|
| 999 |
_c5572 _d5572 |
||
| 003 | AR-CdUCM | ||
| 008 | 190312b ||||| |||| 00| 0 spa d | ||
| 040 |
_aMUNICIPALIDAD PROVINCIAL DEL CUSCO _cBIBLIOTECA MUNICIPAL DEL CUSCO |
||
| 041 | _heng | ||
| 082 |
_a923.2 / _bB967 |
||
| 100 |
_aBurns, James MacGregor _99381 |
||
| 245 |
_aJohn Kennedy : _bPerfil de un político de valor / |
||
| 260 |
_aBarcelona : _bEdiciones Ariel, _c1960. |
||
| 300 |
_a314 páginas ; _bIlustraciones, _c23 cm. |
||
| 505 | _aContenido: Cuesta arriba -- Sangre verde -- Guerra y paz -- Pobre chico rico ... | ||
| 650 |
_aHistoria _9136 |
||
| 650 |
_aJonh Kennedy _916684 |
||
| 700 |
_aSales de Bohigas, Nuria (traductor) _916685 |
||
| 942 |
_2ddc _cLIBROS |
||
| 945 | _acmm | ||